000
00297 a2200145 4500
001
194887
040
_c
Magnum
100
_a
PRADO, Jane
240
1
0
_a
Canta, Passarinho!
_l
por
245
1
0
_a
Canta, Passarinho!
300
_a
11
362
0
_a
2020
697
_a
LITERATURA INFANTIL
942
_c
BK
999
_c
194887
_d
194887